10 Biggest cities in Latvia - Statistics

General Stats
  • This quiz has been taken 709 times
    581 since last reset
  • The average score is 5 of 10
Answer Stats
Population Cities % Correct
605 273 Riga
100%
77 799 Daugavpils
77%
66 680 Liepāja
59%
32 634 Ventspils
56%
52 154 Jūrmala
55%
54 701 Jelgava
48%
26 131 Rēzekne
36%
22 376 Valmiera
36%
22 767 Ogre
32%
21 150 Jēkabpils
30%
No matching quizzes found
Score Distribution
Percent of People with Each Score
Percentile by Number Answered
Your Score History
You have not taken this quiz since the last reset